|
|
|
|
| LEADER |
00000nab a2200000 a 4500 |
| 001 |
vtls008936308 |
| 003 |
SK-MaSNL |
| 005 |
20260303070643.0 |
| 008 |
061120 1976 xo 000 0 cze |
| 015 |
|
|
|a SNBRB1977
|
| 040 |
|
|
|a SNKBUCL
|b slo
|c SNKBUCL
|e AACR2
|
| 041 |
0 |
|
|a cze
|
| 044 |
|
|
|a xo
|c SK
|
| 080 |
|
|
|a 792.2
|2 2001
|
| 245 |
0 |
0 |
|a Slovenský klasik v Činoherním klubu
|b Jozef Gregor-Tajovský "Ženský zákon"
|c (fk)
|
| 600 |
1 |
7 |
|a Tajovský, Jozef Gregor,
|d 1874-1940
|t Ženský zákon
|2 snkbucl
|9 87702
|
| 610 |
2 |
7 |
|a Činoherný klub (Praha, Česko)
|2 snkbucl
|9 850027
|
| 773 |
0 |
|
|t Lidová demokracie
|g 21.12.1976, s. 5
|
| 958 |
|
|
|a RC
|
| 999 |
|
|
|c 1756310
|d 1758240
|